000 00314nam a22001337a 4500
008 170926b xxu||||| |||| 00| 0 eng d
020 _a9780312612337
041 _aeng
080 _a37
100 _a46
101 _aEDU
245 _aEVERYTHINGS AN ARGUMENT WITH READINGS
_cLUNSFORD.A.A
942 _2udc
_cBK
999 _c29830
_d29830